000 00641nam a2200241Ia 4500
005 20260430150706.0
008 008 250103s9999 xx 000 0 eng d
037 _aTheses
040 _aCRL
040 _beng
040 _ceng
041 _2eng
041 _aeng
084 _qCRL
100 _aPuneet Kumar Au.; Pareek Sunita Gu.
_91238229
245 0 _aGender Equality and Women Empowerment in Post Genocide Rwanda
260 _c2024
300 _a154p.
650 _aAfrican Literature
700 _aUniversity of Delhi. Faculty of Social Science. Deptt. of African Studies
942 _cTH
999 _c1850405
_d1850405